Statistics for Knicks Player Trivia

Click here to take the quiz!

General Stats

  • This quiz has been taken 8 times
  • The average score is 15 of 30

Answer Stats

HintAnswer% Correct
3 Fingers to the domeCarmelo Anthony
100%
15 minutes of G.O.A.T.Jeremy Lin
100%
UnicornKristaps Porzingis
100%
26→23Mitchell Robinson
100%
Maple MambaRJ Barrett
100%
Randle, not JuliusChasson Randle
83%
Sixth Man of the YearJR Smith
83%
Champ of the Worst Dunk ContestObi Toppin
83%
DPOYTyson Chandler
83%
Former MVPDerrick Rose
67%
He's no King...Julius Randle
67%
Ron ArtestMetta World Peace
67%
Punched fire extinguisherAmare Stoudemire
50%
Most 3s by a Knick regular seasonEvan Fournier
50%
A Twin but not the good oneRobin Lopez
50%
Former number 1 overrall pickAndrea Bargnani
33%
Worst shooting form All TimeJoakim Noah
33%
A Twin but the better oneMarcus Morris
33%
Anthony Davis ended his careerRon Baker
33%
GOAT Hype ManTheo Pinson
33%
NYK→ATL→NYKTim Hardaway Jr
33%
IsoZoAllonzo Trier
17%
One of the All Time Greatest College PlayersJimmer Fredette
17%
Manbun, airballed wide open layup (W.O.A.T.)Lou Amundson
17%
Your favorite player's favorite playerMichael Beasley
17%
Franchise PG!Raymond Felton
17%
The Wrong Bro...Thanasis Antetokounmpo
17%
Sky Hook that landed in the 10th rowAlexey Shved
0%
Phil's parting giftFrank Ntlikina
0%
Game winning block on The KingMario Herzonja
0%

Score Distribution

Percentile by Number Answered

Percent of People with Each Score

Your Score History

You have not taken this quiz